New music and the claims of modernity /

Bibliographic Details
Main Author: Williams, Alastair
Format: Book
Language:English
Published: Aldershot, Hants, England ; Brookfield, Vt. : Ashgate, [1997]
Subjects:

MARC

Tag First Indicator Second Indicator Subfields
LEADER 00000cam a2200000 a 4500
001 in00001410117
005 20151020060859.0
008 961023s1997 enkag b 001 0 eng
010 |a  96045418  
020 |a 1859283683 
035 |a (OCoLC)35835737 
035 |9 AHN8079AM 
040 |a DLC  |c DLC  |d C#P  |d TXA  |d UtOrBLW 
049 |a TXAM 
050 0 0 |a ML3845  |b .W59 1997 
082 0 0 |a 780/.9/04  |2 21 
100 1 |a Williams, Alastair. 
245 1 0 |a New music and the claims of modernity /  |c Alastair Williams. 
264 1 |a Aldershot, Hants, England ;  |a Brookfield, Vt. :  |b Ashgate,  |c [1997] 
264 4 |c ©1997 
300 |a xi, 163 pages :  |b illustrations, music ;  |c 25 cm. 
336 |a text  |b txt  |2 rdacontent 
337 |a unmediated  |b n  |2 rdamedia 
338 |a volume  |b nc  |2 rdacarrier 
504 |a Includes bibliographical references (pages 149-158) and indexes. 
650 0 |a Music  |y 20th century  |x Philosophy and aesthetics. 
650 0 |a Music  |y 20th century  |x History and criticism. 
600 1 0 |a Adorno, Theodor W.,  |d 1903-1969  |x Criticism and interpretation. 
948 |a c:jlg 
999 |a MARS 
999 f f |s 27e69f9c-f60c-36a9-a6cf-0c93baa2d75e  |i 4c88deec-cceb-36f6-8023-a44043377828  |t 0 
952 f f |p ric  |a Texas A&M University  |b Rellis Campus  |c Joint Library Facility  |d Remote Storage  |t 0  |e ML3845 .W59 1997  |h Library of Congress classification  |i unmediated -- volume  |m A14822154725 
998 f f |a ML3845 .W59 1997  |t 0  |l Remote Storage